Estadística /

Guardado en:
Autor Principal: Toranzos, Fausto A
Formato: Libro
Publicado: Buenos Aires : Kapelusz, 1962
Materias:
Etiquetas: Agregar Etiqueta
Sin Etiquetas, Sea el primero en etiquetar este registro!
LEADER 00476nam a22001815a 4500
001 CEM.cems006297
005 20060214000000.0
008 130507s1962##################000#0#####d
003 CEMS
082 0 4 |a 311 
100 1 |a Toranzos, Fausto A 
245 1 0 |a Estadística / 
260 |a Buenos Aires :  |b Kapelusz,  |c 1962 
300 |a 373 p. 
653 |a Dispersion-estadistica 
653 |a Estadistica 
653 |a Probabilidad 
859 |a CEMS  |b BIB. CEMS - 11 de abril  |h 311  |i T63  |p 5794.77  |t Ej.1